|
|
|
|
| LEADER |
00000cam a22000004a 4500 |
| 001 |
musev2_4596 |
| 003 |
MdBmJHUP |
| 005 |
20230905040547.0 |
| 006 |
m o d |
| 007 |
cr||||||||nn|n |
| 008 |
020220s2003 nyu o 00 0 eng d |
| 010 |
|
|
|z 2002024049
|
| 020 |
|
|
|a 9780791487730
|
| 020 |
|
|
|z 0791455513
|
| 020 |
|
|
|z 9780791455517
|
| 035 |
|
|
|a (OCoLC)55896125
|
| 040 |
|
|
|a MdBmJHUP
|c MdBmJHUP
|
| 043 |
|
|
|a e-uk---
|a n-us---
|a e-uk-en
|
| 050 |
0 |
4 |
|a PR888.H5
|b R69 2003
|
| 082 |
0 |
|
|a 823/.0810903
|2 21
|
| 100 |
1 |
|
|a Rozett, Martha Tuck,
|d 1946-
|
| 245 |
1 |
0 |
|a Constructing a World :
|b Shakespeare's England and the New Historical Fiction /
|c Martha Tuck Rozett.
|
| 264 |
|
1 |
|a Albany :
|b SUNY Press,
|c 2003.
|
| 264 |
|
3 |
|a Baltimore, Md. :
|b Project MUSE,
|c 2012
|
| 264 |
|
4 |
|c ©2003.
|
| 300 |
|
|
|a 1 online resource (206 pages):
|b 23 cm.
|
| 336 |
|
|
|a text
|b txt
|2 rdacontent
|
| 337 |
|
|
|a computer
|b c
|2 rdamedia
|
| 338 |
|
|
|a online resource
|b cr
|2 rdacarrier
|
| 504 |
|
|
|a Includes bibliographical references (p. 185-198) and index.
|
| 588 |
|
|
|a Description based on print version record.
|
| 650 |
|
0 |
|a Literature and history
|z English-speaking countries.
|
| 650 |
|
0 |
|a Historical fiction, American
|x History and criticism.
|
| 650 |
|
0 |
|a English fiction
|y 20th century
|x History and criticism.
|
| 650 |
|
0 |
|a American fiction
|y 20th century
|x History and criticism.
|
| 650 |
|
0 |
|a Historical fiction, English
|x History and criticism.
|
| 651 |
|
0 |
|a England
|x In literature.
|
| 651 |
|
0 |
|a Great Britain
|x History
|y Elizabeth, 1558-1603
|x Historiography.
|
| 600 |
1 |
0 |
|a Shakespeare, William,
|d 1564-1616
|x Adaptations.
|
| 600 |
1 |
0 |
|a Shakespeare, William,
|d 1564-1616
|x In literature.
|
| 600 |
0 |
0 |
|a Elizabeth
|b I,
|c Queen of England,
|d 1533-1603
|x In literature.
|
| 655 |
|
7 |
|a Electronic books.
|2 local
|
| 710 |
2 |
|
|a Project Muse.
|e distributor
|
| 830 |
|
0 |
|a Book collections on Project MUSE.
|
| 856 |
4 |
0 |
|z Texto completo
|u https://projectmuse.uam.elogim.com/book/4596/
|
| 945 |
|
|
|a Project MUSE - Custom Collection
|
| 945 |
|
|
|a Project MUSE - Archive Complete Foundation
|
| 945 |
|
|
|a Project MUSE - Archive Literature Foundation
|